<?xml version="1.0" encoding="UTF-8"?><?xml-stylesheet type="text/xsl" href="static/style.xsl"?><OAI-PMH xmlns="http://www.openarchives.org/OAI/2.0/" xmlns:xsi="http://www.w3.org/2001/XMLSchema-instance" xsi:schemaLocation="http://www.openarchives.org/OAI/2.0/ http://www.openarchives.org/OAI/2.0/OAI-PMH.xsd"><responseDate>2026-06-03T04:48:57Z</responseDate><request verb="GetRecord" identifier="oai:riuma.uma.es:10630/35111" metadataPrefix="marc">https://riuma.uma.es/rest/oai/request</request><GetRecord><record><header><identifier>oai:riuma.uma.es:10630/35111</identifier><datestamp>2026-02-03T10:56:36Z</datestamp><setSpec>com_10630_2254</setSpec><setSpec>col_10630_37953</setSpec></header><metadata><record xmlns="http://www.loc.gov/MARC21/slim" xmlns:dcterms="http://purl.org/dc/terms/" xmlns:doc="http://www.lyncode.com/xoai" xmlns:xsi="http://www.w3.org/2001/XMLSchema-instance" xsi:schemaLocation="http://www.loc.gov/MARC21/slim http://www.loc.gov/standards/marcxml/schema/MARC21slim.xsd">
   <leader>00925njm 22002777a 4500</leader>
   <datafield ind2=" " ind1=" " tag="042">
      <subfield code="a">dc</subfield>
   </datafield>
   <datafield ind2=" " ind1=" " tag="720">
      <subfield code="a">Ramírez-Arlandi, Juan</subfield>
      <subfield code="e">author</subfield>
   </datafield>
   <datafield ind2=" " ind1=" " tag="260">
      <subfield code="c">2019</subfield>
   </datafield>
   <datafield ind2=" " ind1=" " tag="520">
      <subfield code="a">This study examines Juan García Purón's Spanish translation of "La educación intelectual, moral y física" (1890) from Herbert Spencer's "Education: Intellectual, Moral, and Physical" (1860), both published by Appleton. In view of Lépinette's (1997) model on the history of translation and Toury's (1995) norm-based approach, this work firstly tackles the description of both texts (biographical sketch of the translator, paratexts, and editorial context) to determine the initial and preliminary norms. In parallel, an analysis of the operational norms, including matricial (segmentation, additions and omissions) and textual-linguistic (Latinisms, cultural references, and units of measurement, weight and mass), is also presented.</subfield>
   </datafield>
   <datafield ind1="8" ind2=" " tag="024">
      <subfield code="a">Ramírez Arlandi, Juan. 2019. “The translation of reformist 19th-century English pedagogy in the United States: La educación intelectual, moral y física (1890) by Juan García Purón from Herbert Spencer’s Education: Intellectual, Moral, and Physical   (1860)”. Quaderns   de   Filologia:   Estudis   Lingüístics  XXIV: 169-192.</subfield>
   </datafield>
   <datafield ind1="8" ind2=" " tag="024">
      <subfield code="a">https://hdl.handle.net/10630/35111</subfield>
   </datafield>
   <datafield ind1="8" ind2=" " tag="024">
      <subfield code="a">10.7203/QF.24.16305</subfield>
   </datafield>
   <datafield tag="653" ind2=" " ind1=" ">
      <subfield code="a">García Purón, Juan (1852-1912) - Crítica e interpretación</subfield>
   </datafield>
   <datafield tag="653" ind2=" " ind1=" ">
      <subfield code="a">Spencer, Herbert (1820-1903) - Traducción al español</subfield>
   </datafield>
   <datafield ind2="0" ind1="0" tag="245">
      <subfield code="a">The translation of reformist 19th-century English pedagogy in the United States: La educación intelectual, moral y física (1890) by Juan García Purón from Herbert Spencer’s Education: Intellectual, Moral, and Physical (1860).</subfield>
   </datafield>
</record>
</metadata></record></GetRecord></OAI-PMH>